| 000 | 00610nab a2200205 a 4500 | ||
|---|---|---|---|
| 005 | 20210219161951.0 | ||
| 008 | 991125s1985 mx 000 0 spa u | ||
| 035 | _aUPN01000195212 | ||
| 100 | 1 | _aValladares de la Cruz, Laura R. | |
| 222 | _aALTERIDADES | ||
| 245 | _aProfetas del México autonómico : simbolismo y ritualidad en las protestas indias en la ciudad de México | ||
| 260 | _aMéxico | ||
| 300 | _a41-54 | ||
| 362 | 0 | _a2000 Año 10, no. 19, ene.-jun. | |
| 653 | 0 | _aSIMBOLISMO | |
| 653 | 0 | _aMOVIMIENTOS INDIGENAS | |
| 653 | 0 | _aRITUALES | |
| 653 | 0 | _aMANIFESTACIONES | |
| 905 | _aArticulo | ||
| 999 |
_c167313 _d167313 |
||